|
|
|
|
| LEADER |
02198cas a2200265 a 4500 |
| 001 |
AALejournalIMF014359 |
| 008 |
230101c9999 xx r poo 0 0eng d |
| 020 |
|
|
|c 5.00 USD
|
| 020 |
|
|
|z 9781475517729
|
| 022 |
|
|
|a 1018-5941
|
| 040 |
|
|
|a BD-DhAAL
|c BD-DhAAL
|
| 100 |
1 |
|
|a Cerutti, Eugenio.
|
| 245 |
1 |
0 |
|a Global Liquidity and Drivers of Cross-Border Bank Flows /
|c Eugenio Cerutti, Stijn Claessens, Lev Ratnovski.
|
| 264 |
|
1 |
|a Washington, D.C. :
|b International Monetary Fund,
|c 2014.
|
| 300 |
|
|
|a 1 online resource (33 pages)
|
| 490 |
1 |
|
|a IMF Working Papers
|
| 500 |
|
|
|a <strong>Off-Campus Access:</strong> No User ID or Password Required
|
| 500 |
|
|
|a <strong>On-Campus Access:</strong> No User ID or Password Required
|
| 506 |
|
|
|a Electronic access restricted to authorized BRAC University faculty, staff and students
|
| 520 |
3 |
|
|a This paper provides a definition of global liquidity consistent with its meaning as the 'ease of financing' in international financial markets. Using a longer time series and broader sample of countries than in previous studies, it identifies global factors driving cross-border bank flows, alongside country-specific factors. It confirms the explanatory power of US financial conditions, with flows decreasing in market volatility (VIX) and term premia, and increasing in bank leverage, growth in domestic credit and M2. A new finding is that similar variables for other systemic countries - the UK and the Euro Area - are also important, sometimes even more so, consistent with the dominant role of European banks in cross-border banking. Furthermore, recipient country characteristics are found to affect not only the level of country-specific flows, but also the cyclical impact of global liquidity, with sensitivities of flows to banks decreasing with stronger macroeconomic frameworks and better bank regulation, but less so for flows to non-financial firms.
|
| 538 |
|
|
|a Mode of access: Internet
|
| 700 |
1 |
|
|a Claessens, Stijn.
|
| 700 |
1 |
|
|a Ratnovski, Lev.
|
| 830 |
|
0 |
|a IMF Working Papers; Working Paper ;
|v No. 2014/069
|
| 856 |
4 |
0 |
|z Full text available on IMF
|u http://elibrary.imf.org/view/journals/001/2014/069/001.2014.issue-069-en.xml
|z IMF e-Library
|